Представление документа в формате RUSMARC

ПолеНазваниеЗначение
  Тип записи a
  Библиографический уровень m
001 Контрольный номер UONB/MAIN/9cde59e172f64bb4a3537f0bc2abb924
005 Дата корректировки 20250520122603.9
010 Индекс ISBN __
d Цена 53 к.
9 Тираж 3025 экз.
100 Данные общей обработки __
a Данные общей обработки 20240822d1987 u y0rusy0189 ca
101 Язык документа 0_
a Язык текста rus
102 Страна публикации __
a Страна публикации RU
105 Кодированные данные (монография) __
a Кодированные данные (монография) y z 001yy
200 Заглавие и сведения об ответственности 1_
a Заглавие Механизация в условиях интенсификации растениеводства
e Сведения, относящиеся к заглавию (опыт европ. стран - членов СЭВ)
e Сведения, относящиеся к заглавию обзор. информ.
f Первые сведения об ответственности Р.С. Суханова
g Последующие сведения об ответственности Всесоюз. науч.-исслед. ин-т информ. и техн.-экон. исслед. агропром. комплекса
203 Вид содержания и тип средства __
a Вид содержания Текст
b Характеристика содержания визуальный
c Тип средства непосредственный
210 Выходные данные 1_
a Место издания Москва
c Издательство ВНИИТЭИагропром
d Дата издания 1987
215 Физическое описание __
a Объем 52, [1] с.
d Формат 22 см
225 Серия 1_
a Серия Механизация и электрификация сельского хозяйства
320 Библиография __
a Библиография Библиогр.: с. 47-53 (111 назв.)
606 Тематические рубрики 0_
a Основная рубрика Растениеводство
x Основная подрубрика Механизация
y Географическая подрубрика Социалистические страны
j Формальный подзаголовок Обзоры информационные
610 Ключевые слова 0_
a Ключевые слова растениеводство; механизация растениеводства; обзоры информационные
686 Индексы других классификаций __
a Классификационный индекс 40.711
2 Код системы rubbk
700 Автор _1
a Фамилия Суханова
b Имя (инициалы) Р.С.
g Полное личное имя Раиса Сергеевна
4 Код отношения 070
801 Источник записи _0
a Страна RU
b Организация Ульяновская ОНБ
c Дата составления 20240822
g Правила каталогизации RCR
801 Источник записи _1
a Страна RU
b Организация Ульяновская ОНБ
c Дата составления 20240822
g Правила каталогизации RCR
901 Тип документа __
t Тип документа m
909 Создатель записи __
a Создатель записи Казакова
b Дата создания записи 20240822